[Event "Hofheim Spring op-B 5th"]
[Site "Hofheim"]
[Date "2017.04.07"]
[Round "1"]
[White "Kompe, Joerg"]
[Black "Goodwin, David"]
[Result "1/2-1/2"]
[WhiteElo "1817"]
[BlackElo "1536"]
[PlyCount "44"]
[EventDate "2017.04.07"]
[EventType "swiss"]
[EventRounds "9"]
[EventCountry "GER"]
[SourceTitle "CBM 178 Extra"]
[Source "ChessBase"]
[SourceDate "2017.06.22"]
[SourceVersion "1"]
[SourceVersionDate "2017.06.22"]
[SourceQuality "1"]

1. d4 g6 2. c4 Bg7 3. e4 d6 4. Nc3 Nd7 5. Nf3 c5 6. Be2 a6 7. 0-0 cxd4 8. Nxd4 Nc5 9. Be3 Bd7 10. Rc1 Rc8 11. b4 Ne6 12. Nd5 Nxd4 13. Bxd4 Bxd4 14. Qxd4 e5 15. Qe3 Rc6 16. b5 Rc5 17. bxa6 bxa6 18. Rb1 Nf6 19. Rfd1 0-0 20. Nxf6+ Qxf6 21. Rb6 Rc6 22. Rdb1 Rfc8 1/2-1/2

[Event "Leutersdorf Muench Braeu op 14th"]
[Site "Leutersdorf"]
[Date "2009.02.07"]
[Round "2"]
[White "Wehner, Janis"]
[Black "Kompe, Joerg"]
[Result "1-0"]
[WhiteElo "2204"]
[BlackElo "1888"]
[PlyCount "79"]
[EventDate "2009.02.07"]
[EventType "swiss"]
[EventRounds "9"]
[EventCountry "GER"]
[SourceTitle "CBM 128 Extra"]
[Source "ChessBase"]
[SourceDate "2009.03.05"]
[SourceVersion "2"]
[SourceVersionDate "2009.03.25"]
[SourceQuality "1"]

1. e4 c5 2. Nf3 d6 3. d4 cxd4 4. Nxd4 Nf6 5. Nc3 a6 6. Be3 e5 7. Nb3 Be6 8. Be2 Be7 9. 0-0 0-0 10. a4 Nbd7 11. a5 Nc5 12. Nxc5 dxc5 13. f3 Qxd1 14. Rfxd1 Rfd8 15. Na4 Rxd1+ 16. Rxd1 Nd7 17. Bc4 Bxc4 18. Rxd7 Bb5 19. Rxe7 Bxa4 20. b3 Bc6 21. Rxe5 c4 22. b4 Re8 23. Rc5 Bb5 24. Bd4 f6 25. Kf2 Kf7 26. Ke3 g6 27. g4 Re6 28. h4 Rc6 29. Rd5 Re6 30. c3 Bc6 31. Rc5 Bb5 32. Kf4 Rc6 33. Rd5 Re6 34. g5 fxg5+ 35. Kxg5 h5 36. Rd8 Be8 37. Rb8 Re7 38. Rc8 Bc6 39. Rh8 Re6 40. Rh7+ 1-0

[Event "Leutersdorf Sparkasse op 11th"]
[Site "Leutersdorf"]
[Date "2007.02.16"]
[Round "1"]
[White "Gaier, Georg"]
[Black "Kompe, Joerg"]
[Result "0-1"]
[WhiteElo "1214"]
[BlackElo "1851"]
[PlyCount "46"]
[EventDate "2007.02.16"]
[EventType "swiss"]
[EventRounds "7"]
[EventCountry "GER"]
[SourceTitle "CBM 117 Extra"]
[Source "ChessBase"]
[SourceDate "2007.05.09"]
[SourceVersion "1"]
[SourceVersionDate "2007.05.09"]
[SourceQuality "1"]

1. e4 c5 2. Nf3 d6 3. d4 cxd4 4. Nxd4 Nf6 5. Nc3 a6 6. Bc4 e6 7. 0-0 Be7 8. Bg5 Qc7 9. Bb3 0-0 10. Qf3 Nbd7 11. Qg3 Ne5 12. h4 Nh5 13. Qe3 h6 14. Bxh6 gxh6 15. Qxh6 Ng7 16. Rfe1 Qd8 17. Re3 Ng4 18. Qf4 Nxe3 19. Qxe3 Bxh4 20. g3 Bf6 21. Kg2 Qa5 22. Rh1 Qg5 23. f4 Qg6 0-1

[Event "Leutersdorf Sparkasse op 10th"]
[Site "Leutersdorf"]
[Date "2006.02.17"]
[Round "1"]
[White "Stopp, Paul"]
[Black "Kompe, Joerg"]
[Result "0-1"]
[WhiteElo "990"]
[BlackElo "1620"]
[PlyCount "70"]
[EventDate "2006.02.17"]
[EventType "swiss"]
[EventRounds "7"]
[EventCountry "GER"]
[SourceTitle "EXT 2007"]
[Source "ChessBase"]
[SourceDate "2006.11.23"]
[SourceVersion "1"]
[SourceVersionDate "2006.11.23"]
[SourceQuality "1"]

1. e4 c5 2. Nf3 d6 3. Nc3 Nf6 4. b3 Nc6 5. Bb2 e5 6. Bc4 Be7 7. 0-0 Bg4 8. Be2 0-0 9. d3 a6 10. h3 Bh5 11. Nd5 Nxd5 12. exd5 Nb4 13. c4 a5 14. Qd2 Bg6 15. a3 Na6 16. Qc3 f5 17. Rae1 Bf6 18. Nd2 Nc7 19. g4 Qd7 20. Qc2 Rae8 21. f4 Bh4 22. Rd1 fxg4 23. Bxg4 Bf5 24. Bxf5 Qxf5 25. fxe5 Qxh3 26. Rxf8+ Rxf8 27. Ne4 Rf4 28. Qe2 Rg4+ 29. Qxg4 Qxg4+ 30. Kf1 Qxd1+ 31. Kg2 Qxd3 32. Nxd6 Qg3+ 33. Kh1 Qf3+ 34. Kg1 Qf2+ 35. Kh1 Bg3 0-1